00459nam a2200157Ia 45000010006000000050017000060080041000230410008000640820017000721000029000892450130001182600009002483000028002576500008002856540008002931603720260306170240.0260306t2015||||xx |||||||||||||| ||und|| aESP a346.52bV75A aVisintini, GiovannaeAUT 0a¿Qué es la responsabilidad civil?:bfundamentos de la disciplina de los hechos ilícitos y del incumplimiento contractual c2015 a339 páginas :c21 cm. aGEN aCDE